Testing for independence of observations in animal movements (Registro nro. 10845)

Detalles MARC
000 -CABECERA
Campo de control 005290000a22001810004500
090 ## - CLASIFICACIÓN LOCAL
Colección AR
Consecutivo 01768
041 0# - IDIOMA
Código de idioma para texto/pista de sonido o título separado
100 1# - ASIENTO PRINCIPAL--NOMBRE PERSONAL
Nombre personal Swthart, Robert K
245 10 - MENCION DE TITULO
Título Testing for independence of observations in animal movements
650 14 - ASIENTO SECUNDARIO DE MATERIA - TERMINO TEMATICO
Término temático o nombre geográfico como elemento de entrada Radiotelemetría
650 14 - ASIENTO SECUNDARIO DE MATERIA - TERMINO TEMATICO
Término temático o nombre geográfico como elemento de entrada Roedores
650 14 - ASIENTO SECUNDARIO DE MATERIA - TERMINO TEMATICO
Término temático o nombre geográfico como elemento de entrada Análisis espacial
650 14 - ASIENTO SECUNDARIO DE MATERIA - TERMINO TEMATICO
Término temático o nombre geográfico como elemento de entrada Etología
653 ## - TERMINO DE INDIZACION - NO CONTROLADO
-- Sigmodon
-- Sigmodon hispidus
700 1# - ASIENTO SECUNDARIO - NOMBRE PERSONAL
Nombre personal Slade, Norman A.
773 1# - Item fuente:
Título Ecology
Especificación de materiales 57
Descripción física 4
Paginas del Articulo 1176-1184
Lugar, editorial y fecha de publicación 1985
Información sobre la relación 66
942 ## - ELEMENTOS ADICIONALES (KOHA)
Tipo de ítem Artículo
Existencias
Withdrawn status Lost status Damaged status No para préstamo Colección Ubicación Permanente Ubicación actual Fecha de adquisición Fuente de Valor Datos de publicación Seriada Total Checkouts Número topográfico Inventario / Código de Barras Date last seen Ejemplar Price effective from Forma de adquisición Tipo de material
      No para Préstamo Hemeroteca Bogotá Bogotá 27/02/2015 Muñoz Saba, Yaneth Fuera de circulación   AR 01768 012129 25/03/2015 1 25/03/2015   Artículo